LEADER 00817nam a2200241 i 4500 001 991002324799707536 005 20020503164107.0 008 950615s1994 it ||| | ita 020 $a8811340225 035 $ab10348451-39ule_inst 035 $aEXGIL102021$9ExL 040 $aBiblioteca Interfacoltà$bita 082 04$a902 245 10$aCronologia universale :$bdalla preistoria all'età contemporanea 260 $aMilano :$bGarzanti,$cc1994 300 $a1291 p. ;$c27 cm. 650 4$aCronologia 907 $a.b10348451$b02-04-14$c27-06-02 912 $a991002324799707536 945 $aLE002 SB 902 CRO$g1$i2002000424068$lle002$o-$pE0.00$q-$rn$so $t0$u0$v0$w0$x0$y.i10408903$z27-06-02 996 $aCronologia universale$9113221 997 $aUNISALENTO 998 $ale002$b01-01-95$cm$da $e-$fita$git $h0$i1 LEADER 02468oam 2200589 c 450 001 9910563047503321 005 20240525094506.0 024 7 $a10.3726/b12998 035 $a(CKB)4340000000239234 035 $a(oapen)https://directory.doabooks.org/handle/20.500.12854/28859 035 $a(PH02)9783954794034 035 $a(oapen)doab28859 035 $a(EXLCZ)994340000000239234 100 $a20240525d1990 uy 0 101 0 $ager 135 $aurnnunnnannuu 181 $ctxt$2rdacontent 182 $cc$2rdamedia 183 $acr$2rdacarrier 200 10$aFragen der bibliographischen Beschreibung der Tschechischen und fremdsprachigen Bohemikalen Drucke des 16. - 18. Jahrhunderts$fJosef Hejnic 205 $a1st, New ed. 210 $aFrankfurt a.M$cPH02$d1990 215 $a1 online resource (56 p.)$c, EPDF 225 0 $aVortra?ge und Abhandlungen zur Slavistik$v17 300 $aPeter Lang GmbH, Internationaler Verlag der Wissenschaften 311 08$a3-95479-403-9 327 $aFragen der bibliographischen Beschreibung und Bearbeitung der tschechischen und fremdsprachigen bohemikalen Drucke - Ziele der weiteren Forschung - Bibliographische Beilage Zusammengestellt von Anez?ka Badurova? 330 $aDer Zweck der beigelegten Zusammenstellung soll eine Information daru?ber sein, welche Bu?cherfonds auch ein ausla?ndischer Forscher mit Hilfe von gedruckten Katalogen und Verzeichnissen einsehen kann. Die Untersuchungen geben - in chronologischer Reihenfolge - Informationen u?ber die Betreuung, u?ber die Organisation der Verwaltung und u?ber die Problematik der Bearbeitung dieser Fonds in der Nachkriegszeit. 606 $aLanguage$2bicssc 610 $aBeschreibung 610 $abibliographischen 610 $aBiblographen 610 $aBohemica 610 $aBohemikalen 610 $aBöhmen 610 $aDrucke 610 $aFragen 610 $aFragenbibliographischen 610 $afremdsprachigen 610 $aHejnic 610 $aJahrhunderts 610 $aslavische Sprachwissenschaft 610 $atschechische Literatur 610 $aTschechischen 615 7$aLanguage 700 $aHejnic$b Josef$4aut$01291801 801 0$bPH02 801 1$bPH02 906 $aBOOK 912 $a9910563047503321 996 $aFragen der bibliographischen Beschreibung der Tschechischen und fremdsprachigen Bohemikalen Drucke des 16. - 18. Jahrhunderts$93021939 997 $aUNINA